Principles of Accounts for East Africa: Students' Book (Record no. 2881)

MARC details
005 - DATE AND TIME OF LATEST TRANSACTION
control field 20250530101021.0
020 ## - INTERNATIONAL STANDARD BOOK NUMBER
International Standard Book Number 9781408230879
100 ## - MAIN ENTRY--PERSONAL NAME
Author name WOOD, F
245 ## - TITLE STATEMENT
Title Principles of Accounts for East Africa: Students' Book
250 ## - EDITION STATEMENT
Edition statement 2nd Ed.
260 ## - PUBLICATION, DISTRIBUTION, ETC.
Place of publication, distribution, etc. Harlow
Name of publisher, distributor, etc. Pearson Education Limited
Date of publication, distribution, etc. 2011
300 ## - PHYSICAL DESCRIPTION
Extent iii, 372p.
Other physical details ill; tables,
Dimensions 27.5cm.
700 ## - ADDED ENTRY--PERSONAL NAME
Other authors/Editors KAMASANYU, D; MAGATI, P; BAKAMA, B
942 ## - ADDED ENTRY ELEMENTS (KOHA)
Source of classification or shelving scheme Dewey Decimal Classification
Koha item type Books
Holdings
Date last seen Total checkouts Full call number Barcode Cost, replacement price Price effective from Koha item type Lost status Source of classification or shelving scheme Damaged status Not for loan Withdrawn status Home library Current library Shelving location Date acquired Source of acquisition Cost, normal purchase price
05/30/2025   657 WOO MBY000145 105000.00 05/30/2025 Books   Dewey Decimal Classification       CBE MBEYA CBE MBEYA Special Reserve Collection 06/22/2022 PURCHASE 35000.00
06/28/2025   657 WOO MBY000220 105000.00 06/28/2025 Books   Dewey Decimal Classification       CBE MBEYA CBE MBEYA General Collection 06/22/2022 PURCHASE 35000.00